| 000 | 00632nam a2200193Ia 4500 | ||
|---|---|---|---|
| 005 | 20210703133418.0 | ||
| 008 | 131103s9999 xx 000 0 und d | ||
| 040 | _aLoreto College | ||
| 041 | _aEnglish | ||
| 082 |
_a954.103 _bCHA |
||
| 100 | _aChatterjee,Sunjeeb Chunder | ||
| 245 |
_aBengal Ryots _btheir rights and liabilities _cSunjeeb Chunder Chatterjee;edited by Anil Chandra Banerjee and Bimal Kanti Ghosh |
||
| 260 |
_aCalcutta _bK.P.Bagchi & Company _c1864 |
||
| 300 | _a139 p. | ||
| 504 | _aIncludes bibliographical references and appendix | ||
| 700 |
_aBanerjee,Anil Chandra _4ed. |
||
| 850 | _aLCLIB | ||
| 942 | _cBK | ||
| 999 |
_c10043 _d60522 |
||